COMPARISON OF DIFFERENT NITROGEN AND PHOSPHORUS RATES ON SOY BEAN AT SANGKUM TMEI DISTRICT, PREAH VIHEAR PROVINCE ប្រៀបធៀបកម្រិតអាសូត​ និងផូស្វ័រខុសៗគ្នាទៅលើដំណាំសណ្តែកសៀងនៅស្រុកសង្គមថ្មីខេត្តព្រះវិហារ (Record no. 23144)

000 -LEADER
fixed length control field 00742nam a22001337a 4500
040 ## - CATALOGING SOURCE
Transcribing agency RUA
082 ## - DEWEY DECIMAL CLASSIFICATION NUMBER
Classification number AGR NHE 2022 B1-570 Or.
100 ## - MAIN ENTRY--AUTHOR NAME
Personal name NHEIN RA ញាន រ៉ា
245 ## - TITLE STATEMENT
Title COMPARISON OF DIFFERENT NITROGEN AND PHOSPHORUS RATES ON SOY BEAN AT SANGKUM TMEI DISTRICT, PREAH VIHEAR PROVINCE ប្រៀបធៀបកម្រិតអាសូត​ និងផូស្វ័រខុសៗគ្នាទៅលើដំណាំសណ្តែកសៀងនៅស្រុកសង្គមថ្មីខេត្តព្រះវិហារ
260 ## - PUBLICATION, DISTRIBUTION, ETC. (IMPRINT)
Place of publication PHNOM PENH
Name of publisher RUA
Year of publication 2022
300 ## - PHYSICAL DESCRIPTION
Number of Pages X.35P
Other physical details VIII.
Dimensions 29CM
856 ## - ELECTRONIC LOCATION AND ACCESS
Uniform Resource Identifier https://drive.google.com/file/d/1aXo2b8eKynXy8IRa8PV_Wvx2__R8pfkX/view?usp=sharing
942 ## - ADDED ENTRY ELEMENTS (KOHA)
Koha item type AGR
952 ## - LOCATION AND ITEM INFORMATION (KOHA)
Withdrawn status [LOCAL, KOHA] 0
952 ## - LOCATION AND ITEM INFORMATION (KOHA)
Withdrawn status [LOCAL, KOHA] 0
952 ## - LOCATION AND ITEM INFORMATION (KOHA)
Withdrawn status [LOCAL, KOHA] 0
952 ## - LOCATION AND ITEM INFORMATION (KOHA)
Withdrawn status [LOCAL, KOHA] 0
Holdings
Permanent Location Date acquired Koha item type Lost status Shelving location Barcode Current Location Full call number
Library Block B2024-06-17AGR B1.570a077057Library Block BAGR NHE 2022 B1-570 Or.
Library Block B2024-06-17AGR B1.570a076965Library Block BAGR NHE 2022 B1-570 Or.
Library Block B2024-06-17AGR B1.570a076961Library Block BAGR NHE 2022 B1-570 Or.
Library Block B2024-06-17AGR B1.570a076969Library Block BAGR NHE 2022 B1-570 Or.
មជ្ឈមណ្ឌលឯការនៃសាកលវិទ្យាល័យភូមិន្ទកសិកម្មចំការដូង

Powered by Koha